| 000 | 00949nam a22002177a 4500 | ||
|---|---|---|---|
| 003 | BUBTL | ||
| 008 | 240604b ||||| |||| 00| 0 eng d | ||
| 020 | _a9789849557623 | ||
| 041 | _aben | ||
| 082 | _a954.925/ T15b/ 2022 | ||
| 100 |
_95841 _aতামান্না, মনোয়ারা বেগম |
||
| 245 |
_aবঙ্গমাতা বেগম ফজিলাতুননেছা মুজিব রেণু জীবনচরিত / _cমনোয়ারা বেগম তামান্না, রুবানা শারমীন |
||
| 250 | _a1st ed. | ||
| 260 |
_aঢাকা: _bবায়ান্ন বাংলা গবেষণা সংস্থা, _cc2022 |
||
| 300 |
_a687 p.: _bills.; _c22.5 cm. |
||
| 650 | 0 |
_93574 _aবঙ্গবন্ধু |
|
| 700 |
_95840 _aশারমীন, রুবানা |
||
| 856 |
_k0 _l0 _yDownload |
||
| 942 |
_2ddc _cBK |
||
| 999 |
_c7330 _d7330 |
||